[Event "GRENKE Chess Open 2024"]
[Site "Karlsruhe"]
[Date "2024.04.01"]
[Round "9.35"]
[White "Tifferet, Shakked"]
[Black "Fromm, Marius"]
[Result "0-1"]
[WhiteElo "2310"]
[BlackElo "2445"]
[Annotator "ChessBase"]
[PlyCount "112"]
[EventDate "2024.03.28"]
[EventType "swiss"]
[EventCountry "GER"]
[SourceTitle "playchess.com"]
[Source "ChessBase"]
[SourceQuality "1"]

1. d4 Nf6 2. c4 e6 3. Nf3 d5 4. g3 Bb4+ 5. Bd2 Be7 6. Bg2 O-O 7. O-O c6 8. Bc3 Nbd7 9. Nbd2 b6 10. b4 Bb7 11. Qb3 h6 12. e3 Qc7 13. Rfc1 Rfc8 14. Rab1 Rab8 15. Qd1 Qd8 16. a4 Ba8 17. Ba1 Qf8 18. Bc3 dxc4 19. Nxc4 Nd5 20. Qe1 N7f6 21. Nfe5 b5 22. Na5 bxa4 23. Nd3 Nxc3 24. Qxc3 Nd5 25. Qa3 Bxb4 26. Nxb4 Rxb4 27. Rxb4 Qxb4 28. Qxb4 Nxb4 29. Ra1 Nd5 30. Rxa4 c5 31. Rc4 Rb8 32. Rxc5 Rb1+ 33. Bf1 Nb6 34. f4 Be4 35. Rc3 Ra1 36. Nb3 Ra3 37. Bd3 Bd5 38. Bc2 a5 39. e4 Bc4 40. Rf3 a4 41. Nd2 Rxf3 42. Nxf3 a3 43. Bb1 a2 44. Bxa2 Bxa2 45. g4 Bb1 46. Nd2 Bd3 47. e5 Nc4 48. Nb3 Ne3 49. h3 Nd5 50. Kf2 Nxf4 51. Ke3 Bc4 52. Nd2 Nd5+ 53. Kf3 Bd3 54. h4 Kf8 55. Nb3 Ke7 56. Nc5 Bc2 0-1

[Event "GRENKE Chess Open 2024"]
[Site "Karlsruhe"]
[Date "2024.04.01"]
[Round "9.36"]
[White "Kilic, Eray"]
[Black "Braun, Vitali"]
[Result "1-0"]
[WhiteElo "2439"]
[BlackElo "2344"]
[Annotator "ChessBase"]
[PlyCount "87"]
[EventDate "2024.03.28"]
[EventType "swiss"]
[EventCountry "GER"]
[SourceTitle "playchess.com"]
[Source "ChessBase"]
[SourceQuality "1"]

1. e4 e6 2. d4 d5 3. Bd3 dxe4 4. Bxe4 Nf6 5. Bf3 c5 6. Ne2 Nc6 7. Be3 cxd4 8. Nxd4 Ne5 9. Nc3 a6 10. Qe2 Nxf3+ 11. Nxf3 b5 12. Bd4 Be7 13. O-O-O Qa5 14. Qe5 Bb7 15. Rhe1 O-O 16. Ng5 Rac8 17. Nxe6 fxe6 18. Qxe6+ Rf7 19. Bxf6 gxf6 20. Nd5 Bxd5 21. Qxc8+ Bf8 22. Re8 Bxa2 23. Rdd8 Qb4 24. Qb8 Qc5 25. Rc8 Qg5+ 26. f4 Qg7 27. Rc3 Kh8 28. Rg3 Qh6 29. b3 a5 30. Kb2 a4 31. Kxa2 axb3+ 32. Kxb3 f5 33. Qe5+ Qf6 34. Qxf6+ Rxf6 35. c3 h6 36. Rd3 Kg7 37. Rd7+ Kg6 38. h3 h5 39. h4 Bc5 40. Rg8+ Kh6 41. Rd5 Bf2 42. Rxb5 Bxh4 43. g3 Kh7 44. Rbb8 1-0

[Event "GRENKE Chess Open 2024"]
[Site "Karlsruhe"]
[Date "2024.04.01"]
[Round "9.37"]
[White "Sliwicka, Alicja"]
[Black "Finek, Vaclav"]
[Result "1-0"]
[WhiteElo "2309"]
[BlackElo "2436"]
[Annotator "RC"]
[PlyCount "139"]
[EventDate "2024.03.28"]
[EventType "swiss"]
[EventCountry "GER"]
[SourceTitle "playchess.com"]
[Source "ChessBase"]
[SourceQuality "1"]

1. e4 c5 2. Nf3 g6 3. c4 Bg7 4. d4 cxd4 5. Nxd4 Nc6 6. Be3 Nf6 7. Nc3 O-O 8. Be2 d6 9. h3 Bd7 10. O-O Nxd4 11. Bxd4 Bc6 12. Qc2 a5 13. Rad1 a4 14. c5 Qa5 15. cxd6 exd6 16. a3 Rfe8 17. f3 Rac8 18. Qd2 d5 19. e5 Nh5 20. f4 Ng3 21. Rfe1 Nf5 22. Bf2 d4 23. Nb5 Qxd2 24. Rxd2 d3 25. Bxd3 Rcd8 26. Na7 Nd4 27. Nxc6 bxc6 28. Rdd1 c5 29. Bc4 h5 30. Kf1 Bf8 31. Re4 Rb8 32. Rd2 Red8 33. Bxd4 cxd4 34. Ke2 Kg7 35. Kd3 Bc5 36. Re1 Rb7 37. Rc1 Ba7 38. g3 Rc7 39. Rcc2 Rb7 40. Ba2 Rdb8 41. Bd5 Rd7 42. Ba2 Rdb7 43. g4 hxg4 44. hxg4 Re7 45. Ke4 Rb5 46. Bc4 Ra5 47. g5 Rd7 48. Bd3 Bc5 49. Rc4 Bb6 50. Rc6 Rb7 51. Rc8 Rc5 52. Rxc5 Bxc5 53. Rc2 Ba7 54. Bc4 Rc7 55. Kd3 Rc5 56. Ba2 Rxc2 57. Kxc2 Bb6 58. Kd3 Ba5 59. Bc4 Be1 60. Bb5 Bf2 61. Bxa4 Be3 62. Ke4 Bc1 63. b4 Kf8 64. b5 Bxa3 65. Kxd4 Bb4 66. b6 Ba5 67. Kc5 Bd2 68. b7 Be3+ 69. Kc6 Ba7 70. Kc7 1-0

[Event "GRENKE Chess Open 2024"]
[Site "Karlsruhe"]
[Date "2024.04.01"]
[Round "9.37"]
[White "Hovhannisyan, Artur"]
[Black "Scholz, Christian"]
[Result "1-0"]
[WhiteElo "2214"]
[BlackElo "2322"]
[Annotator "ChessBase"]
[PlyCount "75"]
[EventDate "2024.03.28"]
[EventType "swiss"]
[EventCountry "GER"]
[SourceTitle "playchess.com"]
[Source "ChessBase"]
[SourceQuality "1"]

1. e4 c5 2. Nf3 d6 3. d4 cxd4 4. Nxd4 Nf6 5. f3 e5 6. Nb3 d5 7. Bg5 Be6 8. Bxf6 gxf6 9. exd5 Bxd5 10. Nc3 Bb4 11. Qd3 Nc6 12. O-O-O Bxb3 13. axb3 Qxd3 14. Bxd3 Bxc3 15. bxc3 h5 16. Bf5 Rd8 17. Rxd8+ Nxd8 18. Rd1 h4 19. g3 hxg3 20. hxg3 Rh2 21. b4 Rf2 22. Rd3 b6 23. Be4 Ke7 24. c4 Ne6 25. Ra3 a5 26. c5 Rf1+ 27. Kb2 f5 28. cxb6 fxe4 29. b7 axb4 30. Ra8 e3 31. b8=Q e2 32. Qxb4+ Kf6 33. Qh4+ Kg7 34. Qh8+ Kg6 35. Rg8+ Kf5 36. Qh5+ Kf6 37. Qh4+ Kf5 38. Qe4+ 1-0

[Event "GRENKE Chess Open 2024"]
[Site "Karlsruhe"]
[Date "2024.04.01"]
[Round "9.37"]
[White "Moss, Guy"]
[Black "Hourigan, Gerrit"]
[Result "0-1"]
[WhiteElo "2156"]
[BlackElo "2278"]
[Annotator "ChessBase"]
[PlyCount "62"]
[EventDate "2024.03.28"]
[EventType "swiss"]
[EventCountry "GER"]
[SourceTitle "playchess.com"]
[Source "ChessBase"]
[SourceQuality "1"]

1. e4 c6 2. d4 d5 3. exd5 cxd5 4. c4 Nf6 5. Nc3 g6 6. Nf3 Bg7 7. h3 O-O 8. Bf4 Nc6 9. Ne5 dxc4 10. Nxc6 bxc6 11. Bxc4 Nd5 12. Bxd5 cxd5 13. O-O e6 14. Na4 Re8 15. Re1 f6 16. b4 e5 17. Bg3 e4 18. Nc5 Be6 19. Qa4 Bf7 20. Rac1 Qb6 21. Nd7 Qe6 22. Rc7 Bh6 23. Qc6 Kg7 24. Nxf6 Qxf6 25. Be5 Rxe5 26. Qxa8 Rf5 27. Qxa7 Rxf2 28. Rxf7+ Qxf7 29. Qxf7+ Rxf7 30. a4 Bd2 31. Rb1 e3 0-1

[Event "GRENKE Chess Open 2024"]
[Site "Karlsruhe"]
[Date "2024.04.01"]
[Round "9.38"]
[White "Stalmach, Richard"]
[Black "Lewtak, Damian"]
[Result "0-1"]
[WhiteElo "2436"]
[BlackElo "2343"]
[Annotator "RC"]
[PlyCount "54"]
[EventDate "2024.03.28"]
[EventType "swiss"]
[EventCountry "GER"]
[SourceTitle "playchess.com"]
[Source "ChessBase"]
[SourceQuality "1"]

1. d4 Nf6 2. c4 e6 3. g3 c5 4. d5 exd5 5. cxd5 d6 6. Nc3 g6 7. Bg2 Bg7 8. Nf3 O-O 9. O-O Re8 10. Bf4 Nh5 11. Bg5 Qb6 12. Qc1 Nd7 13. a4 a6 14. Nd2 Ne5 15. f4 Ng4 16. Nc4 Qc7 17. Ne4 Bf5 18. Ncxd6 Bxe4 19. Nxe4 Bd4+ 20. Kh1 Ne3 21. Rd1 Qd7 22. Rxd4 cxd4 23. Nc5 Qg4 24. Bf3 Nxg3+ 25. hxg3 Qh3+ 26. Kg1 Qxg3+ 27. Kh1 Qh3+ 0-1

[Event "GRENKE Chess Open 2024"]
[Site "Karlsruhe"]
[Date "2024.04.01"]
[Round "9.38"]
[White "Hoffmann, Sebastian"]
[Black "Van Dael, Siem"]
[Result "1-0"]
[WhiteElo "2189"]
[BlackElo "2320"]
[Annotator "RC"]
[PlyCount "53"]
[EventDate "2024.03.28"]
[EventType "swiss"]
[EventCountry "GER"]
[SourceTitle "playchess.com"]
[Source "ChessBase"]
[SourceQuality "1"]

1. d4 Nf6 2. c4 g6 3. Nc3 Bg7 4. e4 d6 5. Be2 O-O 6. Bg5 c5 7. d5 e6 8. Qd2 exd5 9. exd5 Qb6 10. Nf3 Bf5 11. Nh4 Ne4 12. Nxe4 Bxe4 13. f3 h6 14. Bxh6 Bxh6 15. Qxh6 Qxb2 16. O-O Bc2 17. Qd2 Qf6 18. g3 Ba4 19. Rab1 b6 20. f4 Nd7 21. Nf3 Rfe8 22. Bd3 Nf8 23. Rf2 Bd7 24. f5 Bxf5 25. Nh4 Re5 26. Rbf1 Nh7 27. Nxf5 1-0

[Event "GRENKE Chess Open 2024"]
[Site "Karlsruhe"]
[Date "2024.04.01"]
[Round "9.39"]
[White "Grutter, Tim"]
[Black "Nurgali, Nazerke"]
[Result "1/2-1/2"]
[WhiteElo "2318"]
[BlackElo "2190"]
[Annotator "ChessBase"]
[PlyCount "83"]
[EventDate "2024.03.28"]
[EventType "swiss"]
[EventCountry "GER"]
[SourceTitle "playchess.com"]
[Source "ChessBase"]
[SourceQuality "1"]

1. e4 c5 2. Nf3 Nc6 3. Bb5 e6 4. Bxc6 bxc6 5. d3 d5 6. b3 Nf6 7. Nbd2 a5 8. a4 Ba6 9. Qe2 Be7 10. O-O Nd7 11. c4 O-O 12. Ba3 Re8 13. Rac1 Rb8 14. Bb2 Bf6 15. e5 Be7 16. Rfe1 Bf8 17. Rb1 Bc8 18. Bc3 Rb7 19. Nf1 Nb8 20. Qd2 Ra7 21. Ng3 Ree7 22. Nh5 Reb7 23. Red1 d4 24. Ba1 Rb4 25. Qf4 Rab7 26. Nd2 Nd7 27. Re1 f6 28. exf6 Nxf6 29. Qf3 Nxh5 30. Qxh5 Rf7 31. Ne4 Rf5 32. Qd1 Qh4 33. Bb2 Rb7 34. Ng3 Rff7 35. Bc1 Bd6 36. Re4 Qf6 37. Qe1 Qd8 38. Re2 Qc7 39. Bd2 Ra7 40. h3 e5 41. Re4 Bd7 42. Re2 1/2-1/2

[Event "GRENKE Chess Open 2024"]
[Site "Karlsruhe"]
[Date "2024.04.01"]
[Round "9.39"]
[White "Rudzinska, Michalina"]
[Black "Brodowski, Piotr"]
[Result "1/2-1/2"]
[WhiteElo "2302"]
[BlackElo "2435"]
[Annotator "TA"]
[PlyCount "28"]
[EventDate "2024.03.28"]
[EventType "swiss"]
[EventCountry "GER"]
[SourceTitle "playchess.com"]
[Source "ChessBase"]
[SourceQuality "1"]

1. e4 c5 2. Nf3 Nc6 3. d4 cxd4 4. Nxd4 g6 5. Nc3 Bg7 6. Be3 Nf6 7. Bc4 O-O 8. Bb3 d6 9. f3 Nxd4 10. Bxd4 Qa5 11. Qd2 Be6 12. O-O-O b5 13. Kb1 b4 14. Ne2 Bxb3 1/2-1/2

[Event "GRENKE Chess Open 2024"]
[Site "Karlsruhe"]
[Date "2024.04.01"]
[Round "9.40"]
[White "Ben Ari, Yannay"]
[Black "Baranciuc, Alexandr"]
[Result "1/2-1/2"]
[WhiteElo "2434"]
[BlackElo "2336"]
[Annotator "RC"]
[PlyCount "27"]
[EventDate "2024.03.28"]
[EventType "swiss"]
[EventCountry "GER"]
[SourceTitle "playchess.com"]
[Source "ChessBase"]
[SourceQuality "1"]

1. e4 e5 2. Nf3 Nc6 3. Bb5 a6 4. Ba4 d6 5. c3 f5 6. exf5 Bxf5 7. O-O Bd3 8. Re1 Be7 9. Re3 e4 10. Ne1 Bg5 11. Rh3 Nf6 12. Nxd3 exd3 13. Rxd3 O-O 14. Bxc6 1/2-1/2

[Event "GRENKE Chess Open 2024"]
[Site "Karlsruhe"]
[Date "2024.04.01"]
[Round "9.40"]
[White "Wagner, Benjamin"]
[Black "Goldbeck, Lars"]
[Result "1/2-1/2"]
[WhiteElo "2151"]
[BlackElo "2317"]
[Annotator "RC"]
[PlyCount "97"]
[EventDate "2024.03.28"]
[EventType "swiss"]
[EventCountry "GER"]
[SourceTitle "playchess.com"]
[Source "ChessBase"]
[SourceQuality "1"]

1. e4 c6 2. d4 d5 3. Nc3 dxe4 4. Nxe4 Nd7 5. Ng5 h6 6. Ne6 Qb6 7. Nxf8 Nxf8 8. c3 Bf5 9. Nf3 Ng6 10. Bc4 Nf6 11. O-O O-O 12. Qe2 Rad8 13. h3 Nd5 14. Ne5 e6 15. Re1 Qc7 16. g4 Nxe5 17. Qxe5 Qxe5 18. Rxe5 Bh7 19. Kg2 b5 20. Bb3 Nb6 21. Kg3 Nd7 22. Re1 c5 23. dxc5 Nxc5 24. Be3 Rc8 25. Bd1 Na4 26. Bxa4 bxa4 27. Bxa7 a3 28. b3 Rxc3+ 29. Be3 Rfc8 30. Red1 Bd3 31. Kh2 Bb5 32. Rac1 Rxc1 33. Rxc1 Rxc1 34. Bxc1 Bd3 35. b4 Bc4 36. Bxa3 Bxa2 37. b5 f6 38. Kg3 Kf7 39. Kf4 g6 40. Ke4 e5 41. Bc1 h5 42. g5 Ke6 43. gxf6 Kxf6 44. Bb2 Ke6 45. Bxe5 Kd7 46. Kd4 Kc8 47. Kc5 Kb7 48. h4 Bb1 49. Bd4 1/2-1/2

[Event "GRENKE Chess Open 2024"]
[Site "Karlsruhe"]
[Date "2024.04.01"]
[Round "9.41"]
[White "Krstulovic, Alex"]
[Black "Kostov, Deyan Samuil"]
[Result "0-1"]
[WhiteElo "2431"]
[BlackElo "2328"]
[Annotator "RC"]
[PlyCount "118"]
[EventDate "2024.03.28"]
[EventType "swiss"]
[EventCountry "GER"]
[SourceTitle "playchess.com"]
[Source "ChessBase"]
[SourceQuality "1"]

1. d4 d5 2. Nf3 Nf6 3. e3 e6 4. Bd3 c5 5. b3 Be7 6. Bb2 O-O 7. dxc5 Bxc5 8. Nbd2 b6 9. O-O Bb7 10. c4 dxc4 11. Nxc4 Nc6 12. Qe2 Nb4 13. Bb1 b5 14. Nce5 a6 15. Rd1 Qe7 16. a3 Nbd5 17. Nd3 Ba7 18. e4 Nxe4 19. Qxe4 Ne3 20. Qxe3 Bxe3 21. fxe3 Rfd8 22. Bd4 Bxf3 23. gxf3 Qg5+ 24. Kh1 f6 25. Ra2 e5 26. Bb6 Qh5 27. Rf1 Rd6 28. Ba5 Rc8 29. Rg2 Qh6 30. Rfg1 g6 31. Bb4 Rdc6 32. Bd2 Rd8 33. Ba5 Rdc8 34. Bd2 Kg7 35. Nf2 Kh8 36. Be4 R6c7 37. Bd5 Rc2 38. Ng4 Qf8 39. e4 Qxa3 40. Ne3 R2c7 41. Ng4 Rc2 42. Nh6 Rxd2 43. Rxd2 Rc1 44. Rdg2 Rxg1+ 45. Rxg1 Qb2 46. Nf7+ Kg7 47. Rf1 h5 48. Kg1 h4 49. Rf2 Qc1+ 50. Kg2 Qe3 51. Nd8 h3+ 52. Kg3 Qe1 53. Ne6+ Kh6 54. f4 a5 55. fxe5 fxe5 56. Kf3 g5 57. Ra2 Qg1 58. b4 g4+ 59. Ke2 Qxh2+ 0-1

[Event "GRENKE Chess Open 2024"]
[Site "Karlsruhe"]
[Date "2024.04.01"]
[Round "9.41"]
[White "Schulze, Torben"]
[Black "Bouska, Jiri"]
[Result "1-0"]
[WhiteElo "2317"]
[BlackElo "2151"]
[Annotator "RC"]
[PlyCount "71"]
[EventDate "2024.03.28"]
[EventType "swiss"]
[EventCountry "GER"]
[SourceTitle "playchess.com"]
[Source "ChessBase"]
[SourceQuality "1"]

1. e4 c5 2. Nf3 Nc6 3. Bb5 e5 4. O-O Bd6 5. d3 Nge7 6. Nc3 O-O 7. Bc4 h6 8. Nh4 Bc7 9. Qh5 Na5 10. Bxh6 gxh6 11. Qxh6 Nxc4 12. dxc4 f6 13. Ng6 Kf7 14. Qh7+ Ke6 15. Nxf8+ Qxf8 16. Nb5 Bb8 17. Rad1 a6 18. Nc3 Qg8 19. Qh3+ Kf7 20. Rd3 d6 21. Qh5+ Qg6 22. Qd1 Bg4 23. Qd2 Be6 24. Rg3 Qh7 25. f4 Bxc4 26. Rff3 Ke8 27. fxe5 fxe5 28. Qg5 Be6 29. Qf6 Kd7 30. Rg7 Qxg7 31. Qxg7 c4 32. Nd5 Ba7+ 33. Kf1 Bxd5 34. exd5 Rg8 35. Qf7 Rg6 36. Rg3 1-0

[Event "GRENKE Chess Open 2024"]
[Site "Karlsruhe"]
[Date "2024.04.01"]
[Round "9.42"]
[White "Koepke, Christian"]
[Black "Heimrath, Reiner"]
[Result "1-0"]
[WhiteElo "2305"]
[BlackElo "2146"]
[Annotator "ChessBase"]
[PlyCount "116"]
[EventDate "2024.03.28"]
[EventType "swiss"]
[EventCountry "GER"]
[SourceTitle "playchess.com"]
[Source "ChessBase"]
[SourceQuality "1"]

1. e4 e5 2. Nf3 Nc6 3. d4 exd4 4. Nxd4 Qf6 5. Nf3 Bb4+ 6. c3 Bc5 7. Be2 Ne5 8. O-O Nxf3+ 9. Bxf3 d6 10. Nd2 a6 11. Re1 Qh4 12. Qe2 Ne7 13. e5 d5 14. c4 c6 15. g3 Qh3 16. cxd5 cxd5 17. Nb3 Bb6 18. Bg5 Ng6 19. Bxd5 O-O 20. Bg2 Qf5 21. Be3 Bxe3 22. Qxe3 Re8 23. Rad1 Qh5 24. f4 Bg4 25. Rd2 Re7 26. Nc5 f6 27. Bxb7 Rxb7 28. Nxb7 fxe5 29. Qb3+ Kh8 30. Rd8+ Rxd8 31. Nxd8 h6 32. Qf7 Kh7 33. Ne6 Bxe6 34. Qxe6 exf4 35. gxf4 Nh4 36. Qe4+ Nf5 37. Qg2 Nh4 38. Qe4+ Nf5 39. b3 Qg6+ 40. Kh1 h5 41. Qe8 Qg4 42. Qe2 Qg6 43. Rg1 Qf7 44. Qe4 Qd7 45. Re1 g6 46. Rc1 Qd2 47. Qc2 Qe3 48. Rf1 Kh6 49. Qf2 Qe4+ 50. Qg2 Qd3 51. Rc1 Qd6 52. Qa8 Kh7 53. Qc6 Qd2 54. Qc3 Qd5+ 55. Kg1 Nh4 56. Rc2 Qd1+ 57. Kf2 Nf5 58. Rd2 Nh4 1-0

[Event "GRENKE Chess Open 2024"]
[Site "Karlsruhe"]
[Date "2024.04.01"]
[Round "9.42"]
[White "Frank, Adam"]
[Black "Rosner, Jonas"]
[Result "1/2-1/2"]
[WhiteElo "2284"]
[BlackElo "2431"]
[Annotator "ChessBase"]
[PlyCount "42"]
[EventDate "2024.03.28"]
[EventType "swiss"]
[EventCountry "GER"]
[SourceTitle "playchess.com"]
[Source "ChessBase"]
[SourceQuality "1"]

1. e4 c5 2. Nf3 e6 3. d4 cxd4 4. Nxd4 a6 5. Bd3 Bc5 6. Nb3 Ba7 7. c4 Nc6 8. Nc3 Nge7 9. O-O O-O 10. Re1 Qc7 11. Be3 Bxe3 12. Rxe3 b6 13. Rc1 Ng6 14. g3 Bb7 15. c5 b5 16. f4 b4 17. Na4 Rad8 18. Bf1 f5 19. Qd6 Qxd6 20. cxd6 fxe4 21. Nbc5 Ba8 1/2-1/2

[Event "GRENKE Chess Open 2024"]
[Site "Karlsruhe"]
[Date "2024.04.01"]
[Round "9.42"]
[White "Tudor, Henry Edward"]
[Black "Backhaus, Silas"]
[Result "1-0"]
[WhiteElo "2262"]
[BlackElo "2123"]
[Annotator "ChessBase"]
[PlyCount "80"]
[EventDate "2024.03.28"]
[EventType "swiss"]
[EventCountry "GER"]
[SourceTitle "playchess.com"]
[Source "ChessBase"]
[SourceQuality "1"]

1. d4 d5 2. c4 e6 3. Nc3 Nf6 4. cxd5 exd5 5. Bg5 Be7 6. e3 h6 7. Bh4 O-O 8. Bd3 c6 9. Qc2 Re8 10. Nf3 Ne4 11. Bxe7 Qxe7 12. Bxe4 dxe4 13. Nd2 f5 14. O-O Be6 15. Rae1 Nd7 16. f3 exf3 17. Nxf3 Rf8 18. Kh1 Rae8 19. b3 Bf7 20. Ne2 Qe4 21. Qd1 Bh5 22. Nf4 Bf7 23. Nd2 Qe7 24. Qc2 g5 25. Nd3 Bg6 26. Qc3 Nb6 27. Ne5 Kh7 28. Ndf3 Qd6 29. Qa5 Nc8 30. h4 b6 31. Qc3 g4 32. Nxg6 Qxg6 33. Ne5 Qf6 34. g3 c5 35. Qd3 Rxe5 36. dxe5 Qxe5 37. e4 Nd6 38. exf5 Qd4 39. Re7+ Kg8 40. Qe2 Qd5+ 1-0

[Event "GRENKE Chess Open 2024"]
[Site "Karlsruhe"]
[Date "2024.04.01"]
[Round "9.43"]
[White "Bulmaga, Irina"]
[Black "Song, Julien"]
[Result "1-0"]
[WhiteElo "2429"]
[BlackElo "2311"]
[Annotator "TA"]
[PlyCount "101"]
[EventDate "2024.03.28"]
[EventType "swiss"]
[EventCountry "GER"]
[SourceTitle "playchess.com"]
[Source "ChessBase"]
[SourceQuality "1"]

1. e4 e6 2. d4 d5 3. Nc3 Nf6 4. e5 Nfd7 5. f4 c5 6. Nf3 Nc6 7. Be3 a6 8. a3 cxd4 9. Nxd4 Bc5 10. Qd2 O-O 11. O-O-O Bxd4 12. Bxd4 b5 13. Qf2 Qe7 14. Bd3 Rb8 15. Ne2 b4 16. a4 Bb7 17. Rhe1 Nxd4 18. Nxd4 Nc5 19. f5 exf5 20. Nxf5 Qg5+ 21. Kb1 Nxd3 22. Rxd3 Bc8 23. Nd4 Rb6 24. h4 Qh6 25. Rf3 Be6 26. Rf1 Rb7 27. Rf4 Bc8 28. Qf3 Re7 29. a5 Qg6 30. Qxd5 Bb7 31. Qc5 Rfe8 32. e6 f6 33. g4 b3 34. Qf5 bxc2+ 35. Kc1 Rc8 36. g5 Qxf5 37. Rxf5 Be4 38. gxf6 gxf6 39. Rxf6 Rd8 40. Rf7 Rde8 41. h5 h6 42. Rg1+ Kh8 43. Rgg7 Rxf7 44. exf7 Rd8 45. Rg6 Kh7 46. Rd6 Rf8 47. Rd7 Bg6 48. hxg6+ Kxg6 49. Rd6+ Kh7 50. Rxa6 Rxf7 51. Rb6 1-0

[Event "GRENKE Chess Open 2024"]
[Site "Karlsruhe"]
[Date "2024.04.01"]
[Round "9.43"]
[White "Werthebach, Felix"]
[Black "Diller, Daniel"]
[Result "1-0"]
[WhiteElo "2260"]
[BlackElo "2121"]
[Annotator "ChessBase"]
[PlyCount "137"]
[EventDate "2024.03.28"]
[EventType "swiss"]
[EventCountry "GER"]
[SourceTitle "playchess.com"]
[Source "ChessBase"]
[SourceQuality "1"]

1. c4 e6 2. g3 d5 3. Bg2 Nf6 4. Nf3 d4 5. O-O c5 6. e3 Nc6 7. d3 Bd6 8. Na3 O-O 9. exd4 cxd4 10. Nc2 e5 11. b4 Nxb4 12. Nxb4 Bxb4 13. Nxe5 Re8 14. Nf3 Bc5 15. Rb1 a6 16. Bf4 Ra7 17. Qb3 b6 18. Ne5 Bb7 19. Bxb7 Rxb7 20. Rbe1 Qc8 21. Bg5 Nd7 22. Nf3 f6 23. Bf4 Nf8 24. Bd6 Ne6 25. Bxc5 bxc5 26. Qa4 Rbe7 27. Qd1 Qb7 28. h4 Nf8 29. Rxe7 Rxe7 30. Re1 Rxe1+ 31. Nxe1 Qb2 32. Qf3 Qb6 33. Kf1 Qd6 34. Qb7 Nd7 35. Nf3 h6 36. Qe4 Kf7 37. h5 Qe6 38. Qg6+ Kg8 39. Nh4 Nf8 40. Qf5 Qxf5 41. Nxf5 Kf7 42. Ke2 Ne6 43. f4 g6 44. hxg6+ Kxg6 45. Nh4+ Kf7 46. Kf3 Ng7 47. Ke4 Ke6 48. g4 h5 49. g5 f5+ 50. Kf3 Kd6 51. Kg3 Kc6 52. Nf3 Kb6 53. Ne5 Ka5 54. Nd7 Kb4 55. g6 a5 56. a4 Kxa4 57. Nxc5+ Kb4 58. Na6+ Ka4 59. Kh4 Ne6 60. Nc5+ Nxc5 61. g7 Nxd3 62. g8=Q Nxf4 63. c5 Kb5 64. Qb8+ Kxc5 65. Qxf4 a4 66. Qxf5+ Kb4 67. Qd3 a3 68. Qxd4+ Kb3 69. Qa1 1-0

[Event "GRENKE Chess Open 2024"]
[Site "Karlsruhe"]
[Date "2024.04.01"]
[Round "9.43"]
[White "Serikbay, Assel"]
[Black "Skembris, Spyridon"]
[Result "1/2-1/2"]
[WhiteElo "2163"]
[BlackElo "2304"]
[Annotator "RC"]
[PlyCount "141"]
[EventDate "2024.03.28"]
[EventType "swiss"]
[EventCountry "GER"]
[SourceTitle "playchess.com"]
[Source "ChessBase"]
[SourceQuality "1"]

1. d4 Nf6 2. c4 e6 3. g3 d5 4. Nf3 Be7 5. Bg2 O-O 6. O-O b6 7. Qc2 Bb7 8. Rd1 c6 9. Nbd2 Nbd7 10. e4 Qc8 11. e5 Ne8 12. b3 Nc7 13. Bb2 c5 14. Rac1 dxc4 15. bxc4 cxd4 16. Bxd4 Rd8 17. Ne4 Ne8 18. Nfg5 Nf8 19. Qe2 Bxg5 20. Nxg5 Bxg2 21. Kxg2 Qc6+ 22. f3 Rac8 23. Qb2 Rd7 24. Ne4 Qa4 25. Qc2 Qxc2+ 26. Rxc2 f5 27. Nf2 Rcd8 28. Rcd2 Ng6 29. f4 Rc8 30. Rc2 Nc7 31. Bc3 Rxd1 32. Nxd1 Na6 33. Ne3 Nc5 34. Bb4 Nd3 35. Bd2 Ne7 36. Bc3 Nc6 37. Rd2 Nc5 38. Bb2 Rc7 39. Kf3 Kf7 40. g4 g6 41. Rd1 Ne4 42. Ke2 Na5 43. Rd4 Ke8 44. Ba3 h5 45. g5 Nc6 46. Rd3 Rc8 47. Bb2 Na5 48. Rd4 Nc6 49. Rd3 Rc7 50. Ba3 Na5 51. Rd4 b5 52. cxb5 Nc3+ 53. Kf3 Nxb5 54. Rd3 Nc4 55. Nxc4 Rxc4 56. Bb2 a6 57. Rd2 Ra4 58. Bc1 Ke7 59. Kg3 Nc3 60. Rc2 Nd5 61. a3 Kd7 62. Kf3 Rd4 63. Rb2 Rd3+ 64. Ke2 Rh3 65. Rb7+ Kc6 66. Rg7 Rxh2+ 67. Kd3 Rh3+ 68. Ke2 Rh2+ 69. Kd3 Rh3+ 70. Ke2 Rh2+ 71. Ke1 1/2-1/2

[Event "GRENKE Chess Open 2024"]
[Site "Karlsruhe"]
[Date "2024.04.01"]
[Round "9.44"]
[White "Albers, Sasa"]
[Black "Abel, Dennes"]
[Result "1-0"]
[WhiteElo "2269"]
[BlackElo "2427"]
[Annotator "TA"]
[PlyCount "105"]
[EventDate "2024.03.28"]
[EventType "swiss"]
[EventCountry "GER"]
[SourceTitle "playchess.com"]
[Source "ChessBase"]
[SourceQuality "1"]

1. e4 c6 2. Nf3 d5 3. Nc3 Bg4 4. h3 Bh5 5. exd5 cxd5 6. g4 Bg6 7. d4 Nc6 8. Ne5 f6 9. Nxg6 hxg6 10. Bg2 e6 11. Bf4 Bb4 12. Qd3 Nge7 13. O-O Bxc3 14. Qxc3 Qb6 15. Be3 Rc8 16. Qd2 Qxb2 17. Rfb1 Qa3 18. Rxb7 Nd8 19. Rb3 Qa4 20. Bf1 Qd7 21. Bf4 g5 22. Bh2 Kf7 23. Bb5 Nec6 24. Ba6 Ra8 25. Rab1 Kg6 26. Qc3 Ne7 27. Qd3+ Kh6 28. h4 gxh4 29. Bb7 Rc8 30. Bxc8 Nxc8 31. Rb8 Nb6 32. f4 f5 33. gxf5 exf5 34. Qh3 Qe7 35. Qxf5 Qe3+ 36. Kg2 Qe2+ 37. Kh3 Nd7 38. Qg5+ Kh7 39. Qxh4+ Kg6 40. Qxh8 Qe6+ 41. Kg2 Qe2+ 42. Kg1 Qe3+ 43. Kf1 Qf3+ 44. Ke1 Qe3+ 45. Kd1 Nxb8 46. f5+ Kxf5 47. Qh5+ g5 48. Rxb8 Qxd4+ 49. Kc1 Qe3+ 50. Kb2 Ne6 51. Qf7+ Kg4 52. Rb4+ d4 53. Rb3 1-0

[Event "GRENKE Chess Open 2024"]
[Site "Karlsruhe"]
[Date "2024.04.01"]
[Round "9.44"]
[White "Bashylina, Luisa"]
[Black "Ciolek, Andreas"]
[Result "1-0"]
[WhiteElo "2149"]
[BlackElo "2302"]
[Annotator "ChessBase"]
[PlyCount "97"]
[EventDate "2024.03.28"]
[EventType "swiss"]
[EventCountry "GER"]
[SourceTitle "playchess.com"]
[Source "ChessBase"]
[SourceQuality "1"]

1. d4 d5 2. c4 e6 3. Nc3 Nf6 4. cxd5 exd5 5. Bg5 c6 6. e3 h6 7. Bh4 Be7 8. Bd3 O-O 9. Nge2 Re8 10. O-O Nbd7 11. Qc2 a5 12. f3 b5 13. Rae1 Ba6 14. Kh1 Rc8 15. Bf2 Qc7 16. e4 dxe4 17. fxe4 Ng4 18. Bg3 Qa7 19. Qb3 Rf8 20. Bf4 b4 21. Nd1 c5 22. Bxa6 Qxa6 23. Qf3 Qg6 24. h3 Ngf6 25. e5 Nh7 26. d5 Ng5 27. Qg3 Nb6 28. Ne3 Rfd8 29. Rd1 Qh5 30. Ng1 c4 31. Nf5 Bf8 32. Bxg5 Qxg5 33. Qf3 c3 34. h4 Qg6 35. h5 Qh7 36. Nh4 g5 37. hxg6 fxg6 38. Qf6 Qe7 39. Qxg6+ Bg7 40. Nf5 Qg5 41. Qxb6 c2 42. Rc1 Rf8 43. Qe6+ Kh7 44. Nh3 Qd2 45. Nf4 Rc7 46. Qg6+ Kh8 47. Ne6 Rxf5 48. Qxf5 Rc4 49. Nf4 1-0

[Event "GRENKE Chess Open 2024"]
[Site "Karlsruhe"]
[Date "2024.04.01"]
[Round "9.45"]
[White "Kanov, Nikola"]
[Black "Lutz, Ruben"]
[Result "1/2-1/2"]
[WhiteElo "2424"]
[BlackElo "2270"]
[Annotator "ChessBase"]
[PlyCount "71"]
[EventDate "2024.03.28"]
[EventType "swiss"]
[EventCountry "GER"]
[SourceTitle "playchess.com"]
[Source "ChessBase"]
[SourceQuality "1"]

1. e4 e6 2. d4 d5 3. e5 c5 4. c3 Nc6 5. Nf3 Qb6 6. Be2 cxd4 7. cxd4 Nh6 8. Bxh6 Qxb2 9. Nbd2 gxh6 10. O-O Qa3 11. Nb3 Qe7 12. Rc1 Bg7 13. Bd3 O-O 14. Bb1 f5 15. exf6 Bxf6 16. Re1 Qg7 17. Re3 Kh8 18. Kh1 Rg8 19. g3 Rf8 20. Kg2 Bd7 21. Nc5 Rae8 22. Nxd7 Qxd7 23. Qd3 Qg7 24. Rce1 Nxd4 25. Nxd4 Bxd4 26. Rxe6 Rxe6 27. Rxe6 Bxf2 28. Qxd5 Bb6 29. Qe4 Bc5 30. Bd3 b6 31. a4 a5 32. Bc2 Qd7 33. Qe5+ Qg7 34. Qe4 Qd7 35. Qe5+ Qg7 36. Qe4 1/2-1/2